| 000 | 00829 a2200277 4500 | ||
|---|---|---|---|
| 003 | OSt | ||
| 005 | 20180116192402.0 | ||
| 008 | 120613t xxu||||| |||| 00| 0 eng d | ||
| 010 | _a2007928187 | ||
| 020 | _a9783764381127 | ||
| 020 | _a3764381124 | ||
| 020 | _a9783764380885 | ||
| 020 | _a9783764381110 | ||
| 040 | _c0 | ||
| 082 | _a745.4 | ||
| 100 |
_aBielefeld, Bert _94603 |
||
| 245 | 1 | 0 |
_aDesign ideas / _c Bert Bielefeld and Sebastian El Khouli. |
| 260 |
_aLondon : _bBirkhäuser ; _cc2007. |
||
| 300 |
_a84 p. : _b ill. ; _c22 cm. |
||
| 490 | 0 | _aBasics | |
| 500 | _aIncludes bibliographical references (p. 81-82). | ||
| 650 | 1 | 0 |
_aArchitectural design. _94604 |
| 700 | 1 |
_4Khouli, Sebastian El. _94605 |
|
| 942 |
_aSADA _cBK _k745.4 BIE 2007 _2ddc |
||
| 999 |
_c353359 _d353359 |
||